000 00562nam a2200169 a 4500
001 000045917
005 20201002052524.0
008 150528s2004 cu 000 0 spa d
020 _a9590106048
040 _aDO-SdBNP
_bspa
_cBNPHU
082 _axxxx
_bxxxx
100 1 _aMachado Rodríguez, Darío L.
_973987
245 1 0 _a¿Es posible construir el socialismo en Cuba? /
_cDarío L. Machado Rodríguez.
260 _aLa Habana :
_bPolítica,
_c2004.
300 _a313 p. ;
_c20 cm.
500 _aIncluye referencias bibliográficas y notas al pie de las páginas.
999 _c45406
_d45406